000
00366nam a2200145Ia 4500
008
100122s9999 xx 000 0 und d
082
_b
11520
_a
50
245
_a
औदुंबर
300
_a
152
520
_a
दिवाळी - 2003
620
_a
दिवाळी - 2003
630
_a
औदुंबर
730
_a
औदुंबर
942
_c
BOOK
999
_c
385039
_d
385036